000 00456nam a2200181Ia 4500
005 20240823054500.0
008 240823s9999||||xx |||||||||||||| ||und||
020 _a978-81-920486-0-4
041 _aENGLISH
082 _A658.4 Q3
100 _aSivakumar M
245 0 _aOrganizational Behaviour
250 _a5th
260 _c2013
_b"A.R. Publications, Ch"
500 _aYES
650 _aOrganizational Behavior
_bManagement Studies
942 _cBK
999 _c226561
_d226561